Κατάλογος Βιβλιοθηκών Mediterranean College

Childhood in World History (Record no. 8181)

MARC details
000 -LEADER
fixed length control field 01610cam a22002054a 4500
005 - ΗΜΕΡΟΜΗΝΙΑ ΚΑΙ ΩΡΑ ΤΕΛΕΥΤΑΙΑΣ ΕΝΗΜΕΡΩΣΗΣ
Πεδίο ελέγχου 20250605164328.0
008 - FIXED-LENGTH DATA ELEMENTS--GENERAL INFORMATION
Πεδίο ελέγχου σταθερού μήκους 250528s ||||||||||||||||||||||||d
035 ## - SYSTEM CONTROL NUMBER
System control number 23151
020 ## - ISBN
ISBN 9780415598095
040 ## - ΠΗΓΗ ΚΑΤΑΛΟΓΟΓΡΑΦΗΣΗΣ
Φορέας πρωτότυπης καταλογογράφησης MC Athens Campus Library
Γλώσσα καταλογογράφησης Ελληνικά, Μοντέρνα (1453-)
Modifying agency MC Athens Campus Library
Κανόνες περιγραφικής καταλογογράφησης AACR2
245 1# - ΤΙΤΛΟΣ ΚΑΙ ΔΗΛΩΣΗ ΥΠΕΥΘΥΝΟΤΗΤΑΣ
Τίτλος Childhood in World History
250 ## - EDITION STATEMENT
Edition statement 2nd
260 ## - PUBLICATION, DISTRIBUTION, ETC.
Name of publisher, distributor, etc. Routledge - Taylor & Francis Group,
Date of publication, distribution, etc. 2011
300 ## - PHYSICAL DESCRIPTION
Extent 182
520 ## - SUMMARY, ETC.
Summary, etc. This book provides exciting, new and wide-ranging surveys of the important themes of world history. Each theme is examined over a broad period of time allowing analysis of continuities and change, and introduces students to historians' methods and debates in their context. Preface, Introduction: Childhood in World History, Childhood in Agricultural Societies: The First Big Changes, Childhood in the Classical Civilizations, Childhood in Postclassical World History: The Impact of Religious Change, Contacts and Contrasts in the Postclassical World, Foces of Change and the Modern Model of Childhood: Developments in the West and Eighteenth Century to 1914, Alongside the Modern Model: The Pressures of Colonialism, Modern Childhood in Asia: Japan Adapts the New Model, Childhood and Communist Revolutions, Childhood in the Affluent Societies and Twentieth and Twenty-First Centuries, The Dislocations in the Twentieth and Twenty-First Centuries: Children Face War and Violence, Globalization and Childhoods, The Dillema of Children's Happiness, Conclusion: Childhoods from Past Toward Future, References, Index.
700 1# - ΠΡΟΣΘΕΤΗ ΑΝΑΓΡΑΦΗ--ΦΥΣΙΚΟ ΠΡΟΣΩΠΟ
Personal name Stearns Peter
9 (RLIN) 8723
942 ## - ADDED ENTRY ELEMENTS (KOHA)
Koha item type Books
Holdings
Τύπος τεκμηρίου Βιβλιοθήκη Τρέχουσα τοποθεσία Barcode Αριθμός εισαγωγής Ημερομηνία απόκτησης Ταξιθετικό σύμβολο Αριθμός αντιτύπου Κατάσταση απόσυρσης Κατάσταση χαμένου Κατάσταση κατεστραμμένου Μη δανεισμός Σύνολο δανεισμών Ημερομηνία τελευταίας εμφάνισης Η τιμή ισχύει από
Books MC Athens Campus Library MC Athens Campus Library 9780000081803 7547 05/06/2025 305.2309 STE 1           05/06/2025 05/06/2025

MC Athens Campus Library
Πατησίων 94 & Κοδριγκτώνος 13, 104 34
Πελλήνης 8 & Πατησίων 107, 112 51
Τ: +30 210 8899600

MC Thessaloniki Campus Library
Ίωνος Δραγούμη 21, 54625 | Ίωνος Δραγούμη 15, 54625
Τ: +30 2310 287779 – Τ: +30 2314 440300